000
00288nam a2200121Ia 4500
008
190216s9999||||xx |||||||||||||| ||und||
100
_a
Janardhanapillai
245
2
_a
A Text Book Of Calculus
260
_b
Vidyarthimithram
_c
1969
300
_a
368p
650
_a
Mathematics
942
_c
BK
999
_c
30537
_d
30537